00435nam a2200181Ia 4500008004100000020001400041050001400055100002200069245003800091245002200129260001500151260001600166260000900182300001600191300002700207300001000234500000900244170918s9999 xx 000 0 und d a590582895 bR658 1994 aRobinson, Barbara 4aThe worst best school year ever / cBarbara Robinson. aNew York : bScholastic, c1994 a117 pages : bcolored illustration ; c19cm. a1020